Product Innovation, Interactive Learning and Economic Performance

Saved in:
Bibliographic Details
Format: Book
Language:English
Tags: Add Tag
No Tags, Be the first to tag this record!
Call Number :

MARC

LEADER 00000nam a2200000 a 4500
001 102813
003 MY-KLNDU
005 20241220040515.0
008 171115 000 0 eng d
020 |a 9781849503082 
039 9 |y 201711151242  |z helmey 
245 1 |a Product Innovation, Interactive Learning and Economic Performance 
999 |a vtls000060171  |c 102813  |d 102813